000 00699nam a22002537a 4500
001
003 DO-SdBNP
005 20211126093256.0
007 001007
008 160809b2019 dr 00| 0 spa d
020 _a9789945614145
040 _aBPMSU
_bspa
_cBPMSU
082 _aRD861.5
_bB453n 2019
_222
100 1 _aBeltré López, Daniel
_d 1957-
245 1 _aNo es un soplo la vida /
_c Daniel Beltré López
260 _aSanto Domingo :
_bSantuario,
_c2019
300 _a187 p. ;
_c27 cm.
590 _6Inventariado, 2021/VM
650 4 _aPoesías dominicanas
650 4 _aLiteratura dominicana
830 0 _a Clásicos universales
_pFontana
910 _aVMateo V.
942 _2ddc
_cBK
999 _c13468
_d13468